| 000 | 01322nac a22002891u 4500 | ||
|---|---|---|---|
| 010 | _a 2002013518 | ||
| 020 | _a0804741662 (pbk. : acid-free paper) | ||
| 020 | _a0804741662 (pbk. : acid-free paper) | ||
| 082 | 0 | 0 |
_a296.31173 _bATT |
| 090 |
_c8802 _d8802 |
||
| 100 | _aAttias, Jean-Christoph | ||
| 245 | 1 | 0 |
_aIsrael, the impossible land / _cJean-Christophe Attias and Esther Benbassa ; translated by Susan Emanuel. |
| 260 |
_aStanford, Calif. : _bStanford University Press,2003 _c2003. |
||
| 300 |
_aix, 294 p. ; _c24 cm. |
||
| 440 | 0 | _aStanford studies in Jewish history and culture | |
| 500 | _adistributer: Baccah | ||
| 504 | _aIncludes bibliographical references (p. 270-286) and indexes. | ||
| 511 | _acatalogued by: wessam | ||
| 650 | 0 | _aPalestine in Judaism. | |
| 650 | 0 | _aZionism and Judaism. | |
| 700 | 1 | _aBenbassa, Esther. | |
| 856 | 4 | 1 |
_3Table of contents _uhttp://www.loc.gov/catdir/toc/fy034/2002013518.html |
| 856 | 4 | 1 |
_3Contributor biographical information _uhttp://www.loc.gov/catdir/enhancements/fy0710/2002013518-b.html |
| 856 | 4 | 1 |
_3Publisher description _uhttp://www.loc.gov/catdir/enhancements/fy0710/2002013518-d.html |
| 942 |
_cBB _k296.31173ATT |
||
| 999 |
_c8802 _d8802 |
||